| 000 | 00451nam a2200169Ia 4500 | ||
|---|---|---|---|
| 008 | 230524s9999 xx 000 0 und d | ||
| 082 |
_a658.45 _bROB |
||
| 100 | _aStephen P.Robbins | ||
| 245 | 0 | _aFundamentals of Management :Essential Concepts & Applications | |
| 250 | _a5TH | ||
| 260 |
_aNEW DELHI _bPearson _c2007 |
||
| 300 | _aXVIII;561 | ||
| 500 | _aQuantity Number: 10 | ||
| 650 | _aManagement | ||
| 700 | _a David A.DeCenzo | ||
| 942 | _cBK | ||
| 999 |
_c38673 _d38673 |
||